000 00502 a2200145 4500
005 20250609133344.0
020 _a0-87967-606-X
082 _aREF 330.03 WAG
245 _aThe Encyclopedic Dictionary Of Economics
250 _a3rd Ed.
260 _aNew York,
_bThe Dushkin Publishing Group Inc,
_c1986.
300 _aix, 267p.: ill.; graph, map, picture.
_bBibliographies.
_c24cm.
700 _aWAGONER, W. D, JEFFRESS, P. W, JOHSON, M. S, McClain, J. J, RYAN, T. & WHITNEY, G. A.
942 _2ddc
_cBKS
999 _c3526
_d3526